Дорога в завтра (Запись № 9897826)

Подробности
000 -МАРКЕР
контрольное поле 01662nam0a2200313 4500
001 - ИДЕНТИФИКАТОР ЗАПИСИ
контрольное поле RU\NLR\BIBL_A\010020269
005 - ИДЕНТИФИКАТОР ВЕРСИИ
контрольное поле 20260407120230.0
010 ## - МЕЖДУНАРОДНЫЙ СТАНДАРТНЫЙ НОМЕР КНИГИ (ISBN)
Номер (ISBN) 978-5-905351-04-4
Тираж 5000
021 ## - НОМЕР ГОСУДАРСТВЕННОЙ РЕГИСТРАЦИИ
Код страны российская федерация
Номер 2013-3281и
Номер Листа государственной регистраци 325и
035 ## - ДРУГИЕ СИСТЕМНЫЕ НОМЕРА
Идентификатор записи (NILC)RuMoRGB-006668858
035 ## - ДРУГИЕ СИСТЕМНЫЕ НОМЕРА
Идентификатор записи (NLR Aleph) 010020269
100 ## - ДАННЫЕ ОБЩЕЙ ОБРАБОТКИ
Данные общей обработки 20140110d2013 |||y0rusy50 ca
101 0# - ЯЗЫК РЕСУРСА
Язык текста, звукозаписи и т.д. русский
102 ## - СТРАНА ПУБЛИКАЦИИ ИЛИ ПРОИЗВОДСТВА
Страна публикации российская федерация
105 ## - ПОЛЕ КОДИРОВАННЫХ ДАННЫХ: ТЕКСТОВЫЕ МАТЕРИАЛЫ, МОНОГРАФИЧЕСКИЕ
Кодированные данные о монографическом текстовом документе ac||z||||10yy
200 1# - ЗАГЛАВИЕ И СВЕДЕНИЯ ОБ ОТВЕТСТВЕННОСТИ
Основное заглавие Дорога в завтра
Сведения, относящиеся к заглавию фотоальбом к юбилеям заводов Корпорации ВСМПО-АВИСМА : 80-летию ВСМПО, 70-летию АВИСМА
Первые сведения об ответственности [фот.: А. Маслов и др.
Последующие сведения об ответственности вступ. слово: Михаил Воеводин]
210 ## - ПУБЛИКАЦИЯ, РАСПРОСТРАНЕНИЕ И ДР.
Место издания, распространения и т.д. Березняки
-- Верхняя Салда
Имя издателя, распространителя и т. д. ВСМПО-АВИСМА
Дата издания, распространения и т.д. 2013
215 ## - ФИЗИЧЕСКАЯ ХАРАКТЕРИСТИКА
Специфическое обозначение материала и объем 179, [1] с.
Другие сведения о физической характеристике ил., цв. ил., портр.
Размеры 23Х27
601 02 - НАИМЕНОВАНИЕ ОРГАНИЗАЦИИ КАК ПРЕДМЕТ
Начальный элемент ввода "Корпорация ВСМПО-АВИСМА", открытое акционерное общество
Идентифицирующий признак Березники, город; Пермский край/ Верхняя Салда, город; Свердловская область
Формальный подзаголовок Фотоальбомы
Системный номер авторитетной/нормативной записи 2222592
Идентификатор авторитетной/нормативной записи RU\NLR\AUTH\6601567564
686 1# - ИНДЕКСЫ ДРУГИХ КЛАССИФИКАЦИЙ
Индекс У30(2)585.210.92я6
712 02 - НАИМЕНОВАНИЕ ОРГАНИЗАЦИИ - ВТОРИЧНАЯ ОТВЕТСТВЕННОСТЬ
Код отношения Прочие
Начальный элемент ввода "Корпорация ВСМПО-АВИСМА", открытое акционерное общество
Идентифицирующий признак Березники/Верхняя Салда
Идентификатор авторитетной/нормативной записи RU\NLR\AUTH\8810068714
Системный номер авторитетной/нормативной записи 639054
801 #0 - ИСТОЧНИК ЗАПИСИ
Страна российская федерация
Организация РГБ
Дата составления 20130925
Правила каталогизации RCR
801 #1 - ИСТОЧНИК ЗАПИСИ
Страна российская федерация
Организация РГБ
Дата составления 20130925
Источник данных rusmarc
942 ## - ДОПОЛНИТЕЛЬНЫЕ ЭЛЕМЕНТЫ ЗАПИСИ (АБИС)
Тип экземпляра АБИС Книга
980 ## - КОЛЛЕКЦИЯ
Название коллекции Национальная библиография
Экземпляры
Тип экземпляра Дата поступления Источник поступления Стоимость Библиотека постоянного хранения Библиотека текущего хранения Место хранения Шифр хранения Штрих-код Статус не для выдачи Публичное примечание
Книга 10.01.2014 Дар 100.00 РНБ (Садовая) РНБ (Садовая) Фонд эстампов и фотографий (изоизданий) Э АлТх391/2-6 1-73227   Y
Книга 10.01.2014 Дар 100.00 РНБ (Садовая) РНБ (Садовая) Фонд эстампов и фотографий (изоизданий) Э АлТх391/2-6 1-73228